| 000 | 01583cam a22004454i 4500 | ||
|---|---|---|---|
| 003 | PE-LiUPU | ||
| 005 | 20250731173513.0 | ||
| 008 | 150616s1955 xxu r 000 0 eng d | ||
| 035 | _a(Sirsi) a7720 | ||
| 040 |
_aPE-LiUPU _bspa _cPE-LiUPU _erda |
||
| 049 | _aPRUA | ||
| 082 | 0 | 4 |
_a220 _bB23 _221 |
| 100 | 1 |
_aBaroni, Victor, _eautor. |
|
| 245 | 1 | 3 |
_aLa Bible Dans la Vie Catholique Despuis la Reforme / _cVíctor Baroni. |
| 264 | 1 |
_aLausanne : _bA L'ENSEIGNE DU CLOCHER, _c1955. |
|
| 300 |
_a324 páginas ; _c23 centímetros |
||
| 336 |
_atext _2rdacontent |
||
| 337 |
_aunmediated _2rdamedia |
||
| 338 |
_avolume _2rdacarrier |
||
| 505 | 0 | _aRevolution religieuse -- La bible au concile de trente -- Role reformateur du concile -- L'usage de la bible dns la contre reforme -- L'influence de la bible sur la spiritualite. | |
| 526 | _aSEG42 | ||
| 526 | _aSEG41 | ||
| 526 | _aSEG40 | ||
| 526 | _aSEG39 | ||
| 526 | _aP94 | ||
| 526 | _aP87 | ||
| 526 | _aP86 | ||
| 526 | _aP85 | ||
| 526 | _aP77 | ||
| 526 | _aP76 | ||
| 526 | _aP35 | ||
| 630 |
_aBiblia _xHistoria eclesiástica _yReforma. |
||
| 910 |
_ajck _bjvq _cjck |
||
| 942 |
_2ddc _cBOOK |
||
| 949 |
_a220 B23 _wDEWEY _c1 _i41331 _lCCODEBUL1 _mBUL _p30.00 _r0 _sY _tBOOK _u19960603 _xTEOLOGIA _zUNKNOWN _0COMPRA _o.STAFF. Colección Teología |
||
| 994 |
_aC0 _bPEPRU |
||
| 596 | _a1 | ||
| 999 |
_a220 B23 _wDEWEY _c58995 _i41331 _f2021-11-11 _g5 _lCCODEBUL1 _mBUL _p30.00 _r0 _sY _tBOOK _u2015-6-16 _xTEOLOGIA _PP35 _0COMPRA _o.STAFF. Colección Teología _d58995 |
||
| 980 |
_81 _gALBERTO SANCHEZ Responsable de Automatización |
||